| 000 | 00000nam 2200000zi 4500 |
| 001 | 9.897289 |
| 003 | CaOODSP |
| 005 | 20240416114847 |
| 006 | m o d f |
| 007 | cr |n||||||||| |
| 008 | 210309e198402##onc o f00| 0|eng d |
| 040 | |aCaOODSP|beng|erda|cCaOODSP |
| 043 | |an-cn--- |
| 086 | 1 |aC23-245/1984E-PDF |
| 245 | 00|aFederal government response to the recommendations of the forest industries advisory committee. |
| 264 | 1|a[Ottawa] : |bGovernment of Canada, Regional Industrial Expansion = Gouvernement du Canada, Expansion industrielle régionale, |cFebruary 1984. |
| 300 | |a1 online resource (ii, 19 pages, 2 unnumbered pages) |
| 336 | |atext|btxt|2rdacontent |
| 337 | |acomputer|bc|2rdamedia |
| 338 | |aonline resource|bcr|2rdacarrier |
| 500 | |aDigitized edition from print [produced by Innovation, Science and Economic Development Canada]. |
| 500 | |aIssued also in French under title: Réponse du gouvernement fédéral aux recommandations du Comité consultatif des industries forestières. |
| 650 | 0|aForests and forestry|xEconomic aspects|zCanada. |
| 650 | 0|aForest products industry|zCanada|xMarketing. |
| 710 | 1 |aCanada. |bDepartment of Regional Industrial Expansion, |eissuing body. |
| 775 | 08|tRéponse du gouvernement fédéral aux recommandations du Comité consultatif des industries forestières.|w(CaOODSP)9.936872 |
| 856 | 40|qPDF|s619 KB|uhttps://publications.gc.ca/collections/collection_2024/isde-ised/c23/C23-245-1984-eng.pdf |